| 000 | 00434cam a2200181ua 4500 | ||
|---|---|---|---|
| 001 | 3543 | ||
| 008 | 111117n ii |||gr||||Z||||||asm | ||
| 040 | _cMAIN | ||
| 082 | _a920 | ||
| 100 |
_aChutia, Jayanti, _eAuthor. |
||
| 245 | 1 | 1 |
_aMadam kuri _cby Jayanti Chutia |
| 250 | _a1st. | ||
| 260 |
_aGuwahati: _bStudents stores,987. |
||
| 300 |
_a112p: _c23cm. |
||
| 653 | _aBiography | ||
| 653 | _aBiography of Madam Kuri | ||
| 942 | _cBK | ||
| 999 |
_c3384 _d3384 |
||